000 00506nam a22001817a 4500
003 OSt
005 20240624145949.0
008 240624b |||||||| |||| 00| 0 eng d
040 _cMUST
082 _a531 COR 1948
100 _4Corson, E. M
245 _aPERTUBATION METHODS IN THE QUANTIM MECHANICS OF N- ELECTRON SYSTEMS
260 _aNew york
_b: Hafner publishing company
_c,1948
300 _axi,308p.
_b: ill
_c; 26 cm
504 _aincludes index
650 _2Mechanisation
942 _2ddc
_cO_SHELF
999 _c8759
_d8759